000 02609nam0a2200421 4500
001 RU\NLR\bibl\1235018
005 20250615115251.0
010 _a978-5-7670-1557-3
_93000
021 _aRU
_b2008-25102
_91380
035 _a(NLR Aleph) 001221262
090 _a139927
_c139927
100 _a20080602d2008 |||y0rusy50 ca
101 0 _arus
_achv
102 _aRU
105 _aa |||||||||
200 1 _aПолететь бы!
_eрассказы и сказки
_eкнига для внеклассного чтения в 2-4 классах общеобразовательных учреждений
_fНадежда Медюкова
_g[пер. на чуваш. яз. Р.В. Сарби
_gхудож. Н.Н. Медюкова]
210 _aЧебоксары
_cЧувашское книжное издательство
_d2008
215 _a155, [5] с.
_cцв. ил.
_d22
300 _aПарал. тит.л. на чуваш. яз.
300 _aТекст парал. на рус. и чуваш. яз.
300 _aВ кн. использ. задачи из кн. "Уроки занимательной математики в начальной школе" О.В. Логуновой
327 0 _aСодерж.: Хорошо у бабушки; Кто поможет котятам?; Игорек и золотая рыбка; Полететь бы!; Сюрприз; Махаон; Зайчонок и Крот; Два барашка; Не хочу в школу!; Пушистый, но не добрый [и др.]
488 0 _12001#$aУроки занимательной математики в начальной школе
_1700#1$aЛогунова$bО. В.$4070
_tУроки занимательной математики в начальной школе
_aЛогунова, О. В.
606 1 _aЧувашский язык
_jХрестоматии для начальной школы
_91548253
_3RU\NLR\auth\66976813
606 1 _aРусский язык
_jХрестоматии для национальной школы
_91533567
_3RU\NLR\auth\66969347
686 _aШ163.51-93рус21[2/4]хрест
686 _aШ141.12-93чув21[2/4]хрест
700 1 _aМедюкова
_bН.Н.
_gНадежда Николаевна
_4070
702 1 _aСарби
_bР. В.
_4730
702 1 _aМедюкова
_bН. Н.
_gНадежда Николаевна
_4040
801 0 _aRU
_bNLR
_c20080602
_gRCR
801 1 _aRU
_bNLR
_c20080602
830 _aавт. по кн.
852 _aNLR
_bОНЛ
_jЧув./3-3898
942 _cBOOK
980 _aNB